[Event "POL-ch Blitz U18 Girls"]
[Site "Bydgoszcz"]
[Date "2023.08.31"]
[Round "8"]
[White "Samol, Zofia"]
[Black "Gruszecka, Alicja"]
[Result "0-1"]
[WhiteElo "1135"]
[BlackElo "1080"]
[PlyCount "146"]
[EventDate "2023.08.28"]
[EventType "swiss"]
[EventRounds "9"]
[EventCountry "POL"]
[SourceTitle "EXT 2024"]
[Source "ChessBase"]
[SourceDate "2023.10.10"]
[SourceVersion "1"]
[SourceVersionDate "2023.10.10"]
[SourceQuality "1"]

1. e4 e5 2. Nf3 Nc6 3. Bc4 Nf6 4. d3 Bc5 5. 0-0 d6 6. h3 h6 7. Nc3 0-0 8. Be3 Bb6 9. Nd5 Nxd5 10. Bxd5 Be6 11. Bb3 Kh8 12. Kh1 d5 13. exd5 Bxd5 14. c4 Be6 15. Ba4 Nd4 16. Nxd4 Bxd4 17. Bxd4 Qxd4 18. b4 Rad8 19. Bc2 Rd7 20. Qe2 f6 21. Rad1 Rfd8 22. Qe3 Qxe3 23. fxe3 Kg8 24. Rd2 Kf7 25. Rfd1 Bf5 26. Bb3 Be6 27. d4 exd4 28. Rxd4 Rxd4 29. Rxd4 Rxd4 30. exd4 Bf5 31. c5+ Ke7 32. Kg1 Be6 33. Bxe6 Kxe6 34. Kf2 Kd5 35. Ke3 Kc4 36. a3 Kb3 37. b5 Kxa3 38. c6 bxc6 39. bxc6 Kb4 40. d5 Kc5 41. Ke4 g6 42. g3 a5 43. g4 a4 44. Kd3 Kxd5 45. Kc3 Kxc6 46. Kb4 a3 47. Kxa3 Kd5 48. Kb3 c5 49. Kc3 c4 50. Kc2 Kd4 51. Kd2 c3+ 52. Kc2 Kc4 53. Kc1 Kd3 54. Kd1 Ke3 55. Kc2 Kf3 56. Kxc3 Kg3 57. Kd2 Kxh3 58. Ke2 Kxg4 59. Kf2 f5 60. Kg2 g5 61. Kf2 h5 62. Kg2 Kf4 63. Kf2 g4 64. Kg2 h4 65. Kh2 Kg5 66. Kg2 f4 67. Kf2 g3+ 68. Kg2 Kg4 69. Kg1 f3 70. Kf1 h3 71. Kg1 f2+ 72. Kf1 h2 73. Kg2 h1Q+ 0-1

[Event "POL-ch Rapid U18 Girls"]
[Site "Bydgoszcz"]
[Date "2023.08.30"]
[Round "10"]
[White "Dabkowska, Michalina"]
[Black "Gruszecka, Alicja"]
[Result "1-0"]
[WhiteElo "1022"]
[BlackElo "1231"]
[PlyCount "95"]
[EventDate "2023.08.28"]
[EventType "swiss"]
[EventRounds "11"]
[EventCountry "POL"]
[SourceTitle "EXT 2024"]
[Source "ChessBase"]
[SourceDate "2023.10.10"]
[SourceVersion "1"]
[SourceVersionDate "2023.10.10"]
[SourceQuality "1"]

1. d4 d5 2. Bf4 Nf6 3. e3 a6 4. Bd3 Bg4 5. Nf3 e6 6. Nbd2 Nbd7 7. c3 c5 8. c4 Be7 9. Qc2 Rc8 10. Qb3 b6 11. cxd5 exd5 12. Bxa6 Ra8 13. Bb5 c4 14. Bxd7+ Nxd7 15. Qc2 0-0 16. Ne5 Nxe5 17. Bxe5 Qd7 18. h3 Bf5 19. Qd1 f6 20. Bg3 Bd3 21. b3 Bb4 22. bxc4 dxc4 23. f3 c3 24. Qb3+ Kh8 25. Qxb4 cxd2+ 26. Qxd2 Qb5 27. Kf2 Rac8 28. Rhd1 Rce8 29. Kg1 Re6 30. e4 f5 31. e5 Rd8 32. f4 Be2 33. Rdb1 Bh5 34. Rb4 Qd5 35. a3 Rc8 36. Qb2 Be8 37. a4 Bc6 38. a5 b5 39. a6 Ra8 40. Ra3 Re7 41. Qa2 Qd7 42. Bf2 Bd5 43. Qa1 Bc6 44. Be3 Qd5 45. Rb2 Rb7 46. a7 Rb6 47. Bf2 h6 48. Ra6 1-0

[Event "POL-ch Rapid U18 Girls"]
[Site "Bydgoszcz"]
[Date "2023.08.30"]
[Round "7"]
[White "Gruszecka, Alicja"]
[Black "Nguyen Doan, Bao Anh Angelina"]
[Result "1/2-1/2"]
[WhiteElo "1231"]
[BlackElo "1143"]
[PlyCount "123"]
[EventDate "2023.08.28"]
[EventType "swiss"]
[EventRounds "11"]
[EventCountry "POL"]
[SourceTitle "EXT 2024"]
[Source "ChessBase"]
[SourceDate "2023.10.10"]
[SourceVersion "1"]
[SourceVersionDate "2023.10.10"]
[SourceQuality "1"]

1. e4 c5 2. d4 cxd4 3. c3 g6 4. cxd4 d5 5. exd5 Nf6 6. Nf3 Bg7 7. Bb5+ Bd7 8. Bc4 0-0 9. Be3 Bf5 10. Nc3 Nbd7 11. h3 Nb6 12. Bb3 Nfxd5 13. Nxd5 Nxd5 14. 0-0 Rc8 15. Qd2 Nb6 16. Rac1 Kh8 17. Bh6 f6 18. Bf4 Be4 19. Nh2 Bd5 20. Bxd5 Qxd5 21. b3 Rfd8 22. Be3 e5 23. Nf3 e4 24. Nh2 f5 25. Rfd1 Rxc1 26. Qxc1 Qf7 27. Qb2 Nd5 28. Qa3 a6 29. Nf1 Nc3 30. Re1 Nb5 31. Qb2 Nxd4 32. Bxd4 Bxd4 33. Qd2 Qe7 34. Ne3 Bxe3 35. Qxe3 Qd6 36. Qc3+ Kg8 37. Qc4+ Kg7 38. Rc1 Rd7 39. Qc3+ Qd4 40. Qxd4+ Rxd4 41. Rc7+ Kh6 42. Rxb7 Rd1+ 43. Kh2 Rd2 44. Kg3 Rxa2 45. h4 a5 46. b4 axb4 47. Rxb4 Ra3+ 48. Kh2 Kh5 49. g3 Rf3 50. Kg2 Ra3 51. Rb7 h6 52. Rb4 Ra2 53. Rb3 g5 54. hxg5 hxg5 55. Rb5 Kg4 56. Rb3 f4 57. gxf4 gxf4 58. Kf1 f3 59. Rb1 Ra8 60. Ke1 Rh8 61. Kd2 Rh2 62. Ke3 1/2-1/2

[Event "POL-ch Rapid U18 Girls"]
[Site "Bydgoszcz"]
[Date "2023.08.30"]
[Round "8"]
[White "Gruszecka, Alicja"]
[Black "Staszczyszyn, Marta"]
[Result "1-0"]
[WhiteElo "1231"]
[BlackElo "1138"]
[PlyCount "71"]
[EventDate "2023.08.28"]
[EventType "swiss"]
[EventRounds "11"]
[EventCountry "POL"]
[SourceTitle "EXT 2024"]
[Source "ChessBase"]
[SourceDate "2023.10.10"]
[SourceVersion "1"]
[SourceVersionDate "2023.10.10"]
[SourceQuality "1"]

1. e4 c5 2. d4 cxd4 3. c3 dxc3 4. Nxc3 Nf6 5. e5 Ng8 6. Nf3 Nc6 7. Bc4 e6 8. 0-0 Nge7 9. Bg5 h6 10. Bh4 Qc7 11. Nb5 Qb6 12. Nd6+ Kd8 13. Nxf7+ Ke8 14. Nxh8 g5 15. Bg3 Bg7 16. Nd2 Bxh8 17. Qh5+ Kd8 18. Qxh6 Bxe5 19. Bxe5 Nxe5 20. Qf8+ Kc7 21. Qxe7 Nc6 22. Qxg5 Qd4 23. b3 b6 24. g3 Bb7 25. Qe3 Qg7 26. Bb5 Rh8 27. Bxc6 Bxc6 28. Nc4 Qh7 29. h4 Qg8 30. Qf4+ Kb7 31. Ne5 Bd5 32. Rac1 Rh7 33. Rc3 d6 34. Nc4 e5 35. Nxd6+ Kb8 36. Qxe5 1-0

[Event "POL-ch U10 Girls"]
[Site "Sielpia"]
[Date "2023.03.08"]
[Round "6"]
[White "Gruszecka, Alicja"]
[Black "Slusarczyk, Agnieszka"]
[Result "1/2-1/2"]
[WhiteElo "1004"]
[BlackElo "1182"]
[PlyCount "87"]
[EventDate "2023.03.04"]
[EventType "swiss"]
[EventRounds "9"]
[EventCountry "POL"]
[SourceTitle "EXT 2024"]
[Source "ChessBase"]
[SourceDate "2023.10.10"]
[SourceVersion "1"]
[SourceVersionDate "2023.10.10"]
[SourceQuality "1"]
[WhiteTeam "Poland"]
[BlackTeam "Poland"]
[WhiteTeamCountry "POL"]
[BlackTeamCountry "POL"]

1. e4 Nc6 2. Nc3 e5 3. Nf3 Nf6 4. d4 exd4 5. Nxd4 Bb4 6. Nxc6 bxc6 7. Bd3 d5 8. exd5 cxd5 9. 0-0 0-0 10. Bg5 c6 11. a3 Be7 12. Re1 Re8 13. h3 h6 14. Bh4 Be6 15. Qf3 Rb8 16. Rab1 a5 17. Bf5 Bxf5 18. Qxf5 Qd6 19. Bg3 Qc5 20. Bxb8 Rxb8 21. Qd3 Bd6 22. Red1 Qa7 23. Rf1 Qc7 24. Qf3 Nd7 25. Qd1 Ne5 26. Ne2 Nc4 27. b3 Nxa3 28. Ra1 Ra8 29. Qc1 Nb5 30. c4 dxc4 31. Qxc4 Be5 32. Rac1 Rc8 33. Rcd1 Nd6 34. Qc5 Bh2+ 35. Kh1 Nb7 36. Qc3 Bd6 37. Qf3 Nc5 38. Qc3 Ne4 39. Qd3 Qe7 40. f3 Ng3+ 41. Nxg3 Bxg3 42. Qd7 Qf8 43. Rc1 c5 44. Qb5 1/2-1/2

[Event "Wroclaw Anderssen Memorial op-C"]
[Site "Wroclaw"]
[Date "2023.??.??"]
[Round "7"]
[White "Koliczko, Oskar"]
[Black "Gruszecka, Alicja"]
[Result "1/2-1/2"]
[WhiteElo "1367"]
[BlackElo "1080"]
[PlyCount "76"]
[EventDate "2023.08.06"]
[EventType "swiss"]
[EventRounds "9"]
[EventCountry "POL"]
[SourceTitle "EXT 2024"]
[Source "ChessBase"]
[SourceDate "2023.10.10"]
[SourceVersion "1"]
[SourceVersionDate "2023.10.10"]
[SourceQuality "1"]

1. Nf3 d5 2. b3 Nc6 3. Bb2 Nf6 4. e3 Bg4 5. Be2 e6 6. d3 Bd6 7. Nbd2 0-0 8. h3 Bh5 9. 0-0 Re8 10. c4 Bg6 11. Nh4 e5 12. Nxg6 hxg6 13. Rc1 Qe7 14. cxd5 Nxd5 15. Bf3 Ndb4 16. Bxc6 Nxc6 17. Nc4 Rad8 18. d4 exd4 19. exd4 Bf4 20. Re1 Qd7 21. Rxe8+ Rxe8 22. Rc3 Qxd4 23. Rd3 Qe4 24. Ne3 Qe6 25. g3 Bxe3 26. Rxe3 Qc8 27. Rxe8+ Qxe8 28. Qd5 Qd8 29. Qxd8+ Nxd8 30. f4 f6 31. Kf2 Kf7 32. Ke3 Ke6 33. g4 Nc6 34. a3 Ne7 35. b4 Nd5+ 36. Kf3 c6 37. h4 a6 38. Bd4 b5 1/2-1/2

[Event "Wroclaw Anderssen Memorial op-C"]
[Site "Wroclaw"]
[Date "2023.??.??"]
[Round "8"]
[White "Koziel, Jacek"]
[Black "Gruszecka, Alicja"]
[Result "1/2-1/2"]
[WhiteElo "1242"]
[BlackElo "1080"]
[PlyCount "98"]
[EventDate "2023.08.06"]
[EventType "swiss"]
[EventRounds "9"]
[EventCountry "POL"]
[SourceTitle "EXT 2024"]
[Source "ChessBase"]
[SourceDate "2023.10.10"]
[SourceVersion "1"]
[SourceVersionDate "2023.10.10"]
[SourceQuality "1"]

1. d4 d5 2. c4 e6 3. Nc3 c5 4. e3 Nf6 5. Nf3 Nc6 6. Qc2 cxd4 7. Nxd4 Nxd4 8. exd4 dxc4 9. Bxc4 Qxd4 10. Bb5+ Bd7 11. Be3 Qe5 12. Bxd7+ Nxd7 13. Rd1 Bb4 14. 0-0 Bxc3 15. bxc3 Nf6 16. Bd4 Qg5 17. Bxf6 Qxf6 18. Qa4+ Kf8 19. Rd7 g6 20. Qd4 Qxd4 21. cxd4 b6 22. Rc1 Kg7 23. Rcc7 Rhf8 24. g3 Rad8 25. Rxa7 Rxd7 26. Rxd7 Ra8 27. Rb7 Rxa2 28. Rxb6 Rd2 29. Rb4 Re2 30. Kf1 Re4 31. f3 Re3 32. Kf2 Rc3 33. g4 Kf6 34. Kg3 g5 35. Rb5 Rc4 36. d5 exd5 37. Rxd5 Rc3 38. Rf5+ Kg6 39. h4 h6 40. h5+ Kg7 41. Kf2 Rc6 42. Ke3 Rf6 43. Ke4 Rxf5 44. Kxf5 Kg8 45. f4 gxf4 46. Kxf4 f6 47. Kf5 Kf7 48. Ke4 Ke6 49. Kf4 Ke7 1/2-1/2